00732nam a2200205Ia 4500003000900000008004100009020001800050040001600068080001700084100002500101245008400126260003800210300001600248650004700264650004700311650004100358942000700399999001500406952010500421IN-BaIIA211028s9999 xx 000 0 eng d a0-471-01502-4 cIIA Library a535:519bGOO aGoodman, J. W914731 0aStatistical opticscJ. W. Goodman  aNew YorkbJohn Wiley & Sonsc1984 axvii, 550p. aAbstracts-Astronomy and Astrophysics96051 aAstronomy and Astrophysics Abstracts96052 aAstronomy and Astrophysics Thesaurus cBK c8765d8765 00104070aBANbBANcGENd1986-07-22l1o535:519/ GOOp9641r2024-01-01s2023-11-18w1986-07-22yBK